Statistics for Word Change by Letter

Click here to take the quiz!

General Stats

  • This quiz has been taken 13 times
  • The average score is 5 of 5

Answer Stats

HintAnswer% Correct
Flying vehicleJet
100%
A joke that uses clever wordplay to exploit that fact that some words sound similarPun
100%
Animal that is typically depicted in a family householdPet
92%
Street thug, gangsterPunk
85%
Containment for animals using fences and gatesPen
77%

Score Distribution

Percentile by Number Answered

Percent of People with Each Score

Your Score History

You have not taken this quiz